书目信息 |
| 题名: |
市场经济案例评析
|
|
| 作者: | 韩刚 主编 | |
| 分册: | ||
| 出版信息: | 北京 中国人民大学出版社 2004 |
|
| 页数: | 317 | |
| 开本: | 23cm | |
| 丛书名: | 新世纪新概念经济管理类系列教材 | |
| 单 册: | ||
| 中图分类: | F014.3 | |
| 科图分类: | ||
| 主题词: | 政治经济学--概论 | |
| 电子资源: | ||
| ISBN: | 7-300-06170-2 | |
| 000 | 00630nam0 2200205 450 | |
| 001 | 0753815641 | |
| 005 | 20070930145655.64 | |
| 010 | @a7-300-06170-2@d¥28.00 | |
| 100 | @a20070930d km y0chiy0120 ea | |
| 101 | 0 | @achi |
| 200 | 1 | @a市场经济案例评析@Ashi chang jing ji an li ping xi@f韩刚主编@Fhan gang zhu bian |
| 210 | @a北京@c中国人民大学出版社@d2004 | |
| 215 | @a317@d23cm | |
| 225 | 2 | @a新世纪新概念经济管理类系列教材 |
| 410 | 0 | @12001 @a新世纪新概念经济管理类系列教材 |
| 606 | 0 | @a政治经济学@x概论 |
| 690 | @aF014.3@v3 | |
| 701 | 0 | @a韩刚@Ahan gang@4主编 |
| 801 | 0 | @aCN@bPFT@c20070930 |
| 905 | @a213230@dF014.3@eg141@f1 | |
| 市场经济案例评析/韩刚主编.-北京:中国人民大学出版社,2004 |
| 317;23cm.-(新世纪新概念经济管理类系列教材) |
| ISBN 7-300-06170-2:¥28.00 |
| ● |
| 相关链接 |
|
|
|
|
正题名:市场经济案例评析
索取号:F014.3/g141
 
预约/预借
| 序号 | 登录号 | 条形码 | 馆藏地/架位号 | 状态 | 备注 |
| 1 | 6504306 | 265043062 | 密集书库-海洋学院/ [索取号:F014.3/g141] | 在馆 |